Guess the poorly described movie :) - Statistics

General Stats
  • This quiz has been taken 810 times
  • The average score is 9 of 13
Answer Stats
Hint Answer % Correct
A young boy with a wicked face mark goes to a school for learning magic with a stick. Harry Potter
97%
Old man and young boy fly a house with balloons. UP
97%
Arabian boy with a pet monkey steals things to survive, ends up falling in love with Princess. Aladdin
92%
Ice queen gets a little sensitive and turns the country to snow. Frozen
89%
Flying boy comes through a girl's window and steals the kids. Peter Pan
89%
Blue villian with a huge head wants to take over the city Megamind
84%
Two robots save a spaceship full of obese people. WALL-E
77%
A crazy pirate has a jar of sand in one of these movies. Pirates of the Carribean
63%
A yellow creature with lightning powers is suddenly Sherlock Holmes. Detective Pikachu
53%
A boy born from "water" becomes a mythological saviour. Percy Jackson
45%
Animals sing and dance after anything happens. The Lion King
33%
Man in all black saves a princess from getting married to a jerk The Princess Bride
33%
A kitchen sponge and a starfish go retrieve a crown for the king The Spongebob Squarepants Movie
23%
No matching quizzes found
Score Distribution
Percent of People with Each Score
Percentile by Number Answered
Your Score History
You have not taken this quiz